00261pab a2200097 454500008003600000100001900036245004000055650001200095650003700107773001900144180718b xxu||||| |||| 00| 0 eng d aDang, Satyapal aTheocratic demands must be resisted a Punjab aPunjab - Politics and Government aTimes of India